Biografías 3 (Record no. 140327)

MARC details
000 -LEADER
campo de control de longitud fija 00583nam a2200181 i 4500
001 - NÚMERO DE CONTROL
campo de control 140327
003 - IDENTIFICADOR DE NÚMERO DE CONTROL
campo de control ES-MaACL
005 - FECHA Y HORA DE LA ÚLTIMA TRANSACCIÓN
campo de control 20250905161326.0
007 - CAMPO FIJO DE DESCRIPCIÓN FÍSICA--INFORMACIÓN GENERAL
campo de control de longitud fija t|
008 - DATOS DE LONGITUD FIJA--INFORMACIÓN GENERAL
campo de control de longitud fija 070214s1951 sp r ||||1| spa d
100 1# - ENTRADA PRINCIPAL--NOMBRE DE PERSONA
Nombre de persona Segura Otaño, Enrique.
9 (RLIN) 105204
245 10 - MENCIÓN DEL TÍTULO
Título Biografías 3
Resto del título : [José López Prudencio, Adolfo Vargas, Francisco Valdés] /
Mención de responsabilidad, etc. Enrique Segura.
260 ## - PUBLICACIÓN, DISTRIBUCIÓN, ETC.
Lugar de publicación, distribución, etc. [S. l. :
Nombre del editor, distribuidor, etc. s. n.,
Fecha de publicación, distribución, etc. 1951] (
Fabricante Imp. Arqueros)
300 ## - DESCRIPCIÓN FÍSICA
Extensión 115 p. ;
Dimensiones 16 cm.
600 14 - PUNTO DE ACCESO ADICIONAL DE MATERIA--NOMBRE DE PERSONA
Nombre de persona López Prudencio, José,
Fechas asociadas al nombre 1870-1949
9 (RLIN) 73902
852 ## - LOCALIZACIÓN
Ubicación ES-MaACL
Número de control de estantería D-5740
Sublocalización o colección R.31613
Holdings
Estatus retirado Estado de pérdida Estado de daño No para préstamo Biblioteca de origen Biblioteca actual Ubicación en estantería Fecha de adquisición Fuente de adquisición Total de préstamos Signatura topográfica completa Código de barras Visto por última vez Precio de reemplazo Tipo de ítem Koha
        Biblioteca del Ateneo de Madrid Biblioteca del Ateneo de Madrid Sala Valle Inclán 17/01/2008     D-5740 901146026 23/02/2023 23/02/2023 Libro impreso